Space, stars, planets and spacecraft / (Record no. 5852)

MARC details
000 -LEADER
fixed length control field 01171nam a22003017a 4500
001 - CONTROL NUMBER
control field 5852
003 - CONTROL NUMBER IDENTIFIER
control field FISKH
005 - DATE AND TIME OF LATEST TRANSACTION
control field 20250124151008.0
008 - FIXED-LENGTH DATA ELEMENTS--GENERAL INFORMATION
fixed length control field 250124b cb ||||| |||| 00| 0 eng d
020 ## - INTERNATIONAL STANDARD BOOK NUMBER
International Standard Book Number 9780789429667
040 ## - CATALOGING SOURCE
Original cataloging agency FISKH
Language of cataloging eng
Transcribing agency FISKH
Modifying agency FISKH
050 ## - LIBRARY OF CONGRESS CALL NUMBER
Classification number QB46.B39
082 ## - DEWEY DECIMAL CLASSIFICATION NUMBER
Classification number 523
100 ## - MAIN ENTRY--PERSONAL NAME
Personal name Becklake, Sue
245 ## - TITLE STATEMENT
Title Space, stars, planets and spacecraft /
Statement of responsibility, etc. Written by Sue Becklake : Illustrated by Brian Delf and Luciano Corbella
260 ## - PUBLICATION, DISTRIBUTION, ETC.
Place of publication, distribution, etc. New York :
Name of publisher, distributor, etc. DK Publishing ,
Date of publication, distribution, etc. 1988.
300 ## - PHYSICAL DESCRIPTION
Extent 64 pages :
Other physical details color illustrations ;
Dimensions 28 cm .
490 ## - SERIES STATEMENT
Series statement See and Explore
505 ## - FORMATTED CONTENTS NOTE
Formatted contents note Z <br/>
520 ## - SUMMARY, ETC.
Summary, etc. Discover everything you need to know about space with this brilliant book! One hundred facts, fantastic illustrations and hilarious cartoons give you the inside story on the many wonders of the world, while fun quizzes test your knowledge. So what are you waiting for? Get reading!<br/><br/>.
521 8# - TARGET AUDIENCE NOTE
Target audience note 1030 <br/>
Source Lexile <br/>
521 8# - TARGET AUDIENCE NOTE
Target audience note Z <br/>
Source Raz-Plus <br/>
650 ## - SUBJECT ADDED ENTRY--TOPICAL TERM
Topical term or geographic name entry element astronomy
Form subdivision non-fiction
700 ## - ADDED ENTRY--PERSONAL NAME
Personal name Delf, Brian
Relator term illustrator
700 ## - ADDED ENTRY--PERSONAL NAME
Dates associated with a name Corbella, Luciano
Relator term illustrator
942 ## - ADDED ENTRY ELEMENTS (KOHA)
Source of classification or shelving scheme Dewey Decimal Classification
Koha item type Books
Suppress in OPAC No
Holdings
Withdrawn status Lost status Source of classification or shelving scheme Damaged status Not for loan Collection Home library Current library Shelving location Date acquired Total Checkouts Full call number Barcode Date last seen Price effective from Koha item type
    Dewey Decimal Classification     Non-Fiction Footprints International School Library Network Toul Kork Campus Footprints International School Library Network Toul Kork Campus TTP Secondary Non-Fiction Bookshelves 01/24/2025   BEC 523 QB46.B39 FIS01135 01/24/2025 01/24/2025 Books